01178cam a2200253 i 4500999001700000001000700017005001700024008004100041010001700082020001500099040001800114050002200132110008800154245024100242260005200483300002100535504004100556600008000597700002400677700001800701906004500719942003400764952012600798 c23953d2395336085020170127122826.0771118s1978 nju b 100 0 eng  a 77082878  a0874131294 aDLCcDLCdDLC00aPR2890b.W66 19762 aInternational Shakespeare Association.bCongressn(1st :d1976 :cWashington, D.C.)10aShakespeare, pattern of excelling nature :bShakespeare criticism in honor of America's Bicentennial : from the International Shakespeare Association Congress, Washington, D. C., April 1976 /cedited by David Bevington and Jay L. Halio. aNewark :bUniversity of Delaware Press,cc1978. a304 p. ;c24 cm. aIncludes bibliographical references.10aShakespeare, William,d1564-1616xCriticism and interpretationxCongresses.1 aBevington, David M.1 aHalio, Jay L. a7bcbccorignewd1eopcnf19gy-gencatlg 2lcccBOOKShPR 2890 .W66 1976 00102lcc4070aMUCbMUCcTECHd2017-01-27eDonation (B.F.A)l0oPR 2890 .W66 1976p32132r2018-10-22w2017-01-27yBOOKS